header

A guide for travellers (Record no. 126544)

MARC details
000 -LEADER
fixed length control field 01514nam a2200325Ia 4500
100 1# - MAIN ENTRY--AUTHOR NAME
Personal name Howard, Blair.
245 12 - TITLE STATEMENT
Title A guide for travellers
260 ## - PUBLICATION, DISTRIBUTION, ETC. (IMPRINT)
Place of publication Edison, N.J. :
Name of publisher Hunter Publishing,
Year of publication c1995.
300 ## - PHYSICAL DESCRIPTION
Number of Pages 258, [6] p. :
Other physical details ill., maps, ports.
490 0# - SERIES STATEMENT
Series statement Battlefields of the Civil War ;
500 ## - GENERAL NOTE
General note "Harpers Ferry, Fort Sumter, Richmond, Cumberland Gap, Appomattox, Andersonville, The Peninsula Campaign, Sherman's march through Georgia, the Shenandoah Valley."
650 #0 - SUBJECT ADDED ENTRY--TOPICAL TERM
Topical Term Battlefields
Topical Term Historic sites
856 40 - ELECTRONIC LOCATION AND ACCESS
Uniform Resource Identifier http://site.ebrary.com/lib/rucke/Doc?id=2002043

No items available.

© 2026 Rongo University
Contact us: librarian | system librarian | Rongo university